Countries with More People than all Neighbors Combined - Statistics

General Stats
  • This quiz has been taken 119 times
  • The average score is 7 of 8
Answer Stats
ratio difference # of borders Answer % Correct
2.03 166 m 2 United States
97%
13.7 60.9 m 1 United Kingdom
94%
6.29 220 m 3 Indonesia
92%
1.14 7.07 m 6 South Africa
90%
2.77 124 m 4 Nigeria
88%
1.07 0.74 m 1 Haiti
83%
2.02 26.0 m 1 South Korea
82%
1.72 40.2 m 3 (4?) Egypt
80%
No matching quizzes found
Score Distribution
Percent of People with Each Score
Percentile by Number Answered
Your Score History
You have not taken this quiz